• 首页
  • 本馆介绍
  • 公告通知
  • 最新文献
  • 馆藏检索
  • 电子资源
  • 读者导购
  • 参考咨询
  • 我的图书馆
  • 登录
  • 详细信息显示
  • 放入我的书架
  • 预约/预借图书
  • 作者相关作品
  • 分类相关作品
  • 丛书相关作品
  • 出版社相关作品

书目信息

  • 表格格式
  • 工作单格式
  • 卡片格式
题名:
工业企业思想政治工作
    
 
作者: ;国家经委经济干部培训中心基层政治工作办公室 编
分册:  
出版信息: 北京   经济科学出版社  1984
页数: 273页
开本: 19cm
丛书名:
单 册:
中图分类: F406.1
科图分类:
主题词: 工业企业管理-政治工作 , 政治工作-工业企业管理 , 工业经济--经济理论
电子资源:
ISBN:
000 00876nam0 2200265 45
001 0184013896
005 20040429150248.4
010    @dCNY0.95
091    @a4312.27
100    @a19950303d1984 em y0chiy0121 ea
101 0  @achi
102    @aCN@b110000
105    @ay z 000yy
106    @ar
200 10 @a工业企业思想政治工作@Agong ye qi ye si xiang zheng zhi gong zuo@f国家经委经济干部培训中心基层政治工作办公室编
210    @a北京@c经济科学出版社@d1984
215    @a273页@d19cm
606    @a工业企业管理-政治工作
606    @a政治工作-工业企业管理
606 0  @a工业经济@x经济理论
690    @aF406.1
711 02 @a国家经委经济干部培训中心基层政治工作办公室@Aguo jia jing wei jing ji gan bu pei xun zhong xin ji ceng zheng zhi gong zuo ban gong shi@4编
801  0 @aCN@b上海图书馆@c20040429
801  2 @aCN@bNLC@c20040429
905    @f2@b109839-840@dF406.1@e47
    
    工业企业思想政治工作/国家经委经济干部培训中心基层政治工作办公室编.-北京:经济科学出版社,1984
    273页;19cm
    
    
    ISBN :CNY0.95
    
●
相关链接 在E读中查询图书 在五车中查询图书 在当当中查询图书 在豆瓣中查询图书


正题名:工业企业思想政治工作     索取号:F406.1/47         预约/预借

序号 登录号 条形码 馆藏地/架位号 状态 备注
1 0109839   000208705   第一借阅区/ [索取号:F406.1/47] 在馆    
2 0109840   000208670   第一样本阅览室/ [索取号:F406.1/47] 在馆    
唐山师范学院图书馆 欢迎您!
大连网信软件有限公司© 版权所有